<?xml version="1.0" encoding="UTF-8"?>
<record
    xmlns:xsi="http://www.w3.org/2001/XMLSchema-instance"
    xsi:schemaLocation="http://www.loc.gov/MARC21/slim http://www.loc.gov/standards/marcxml/schema/MARC21slim.xsd"
    xmlns="http://www.loc.gov/MARC21/slim">

  <leader>00721nam a22001697a 4500</leader>
  <controlfield tag="008">110810t1975    xxu||||g |||| 000 0 ara d</controlfield>
  <datafield tag="082" ind1=" " ind2=" ">
    <subfield code="2">22</subfield>
    <subfield code="a">121</subfield>
    <subfield code="b">&#x647; &#x649; &#x62F; </subfield>
  </datafield>
  <datafield tag="100" ind1=" " ind2=" ">
    <subfield code="9">26618</subfield>
    <subfield code="a">&#x647;&#x64A;&#x62F;&#x62C;&#x631;&#x60C;&#x645;&#x627;&#x631;&#x62A;&#x646;</subfield>
  </datafield>
  <datafield tag="245" ind1=" " ind2=" ">
    <subfield code="a">&#x646;&#x62F;&#x627;&#x621; &#x627;&#x644;&#x62D;&#x642;&#x64A;&#x642;&#x629;/</subfield>
    <subfield code="c">&#x645;&#x627;&#x631;&#x62A;&#x646; &#x647;&#x64A;&#x62F;&#x62C;&#x631;&#x61B;&#x62A;&#x631;&#x62C;&#x645;&#x629; &#x648; &#x62A;&#x642;&#x62F;&#x64A;&#x645; &#x648; &#x62F;&#x631;&#x627;&#x633;&#x629; &#x639;&#x628;&#x62F; &#x627;&#x644;&#x63A;&#x641;&#x627;&#x631; &#x645;&#x643;&#x627;&#x631;&#x649;</subfield>
  </datafield>
  <datafield tag="260" ind1=" " ind2=" ">
    <subfield code="a">&#x627;&#x644;&#x642;&#x627;&#x647;&#x631;&#x629;:</subfield>
    <subfield code="b">&#x62F;&#x627;&#x631; &#x627;&#x644;&#x62B;&#x642;&#x627;&#x641;&#x629;&#x60C;1977.</subfield>
    <subfield code="c">1977.</subfield>
  </datafield>
  <datafield tag="300" ind1=" " ind2=" ">
    <subfield code="a">416&#x635;&#x60C;</subfield>
    <subfield code="c">24&#x633;&#x645;.</subfield>
  </datafield>
  <datafield tag="490" ind1=" " ind2=" ">
    <subfield code="9">26625</subfield>
    <subfield code="a">&#x61B;&#x633;&#x644;&#x633;&#x629; &#x627;&#x644;&#x646;&#x635;&#x648;&#x635; &#x627;&#x644;&#x641;&#x644;&#x633;&#x641;&#x64A;&#x629;</subfield>
    <subfield code="p">9.</subfield>
  </datafield>
  <datafield tag="650" ind1=" " ind2=" ">
    <subfield code="9">26621</subfield>
    <subfield code="a">&#x627;&#x644;&#x62D;&#x642;&#x64A;&#x642;&#x629; (&#x641;&#x644;&#x633;&#x641;&#x629; )</subfield>
  </datafield>
  <datafield tag="653" ind1=" " ind2=" ">
    <subfield code="b">General</subfield>
    <subfield code="c">August2011</subfield>
  </datafield>
  <datafield tag="942" ind1=" " ind2=" ">
    <subfield code="2">ddc</subfield>
    <subfield code="c">BB</subfield>
  </datafield>
  <datafield tag="999" ind1=" " ind2=" ">
    <subfield code="c">15799</subfield>
    <subfield code="d">15799</subfield>
  </datafield>
  <datafield tag="952" ind1=" " ind2=" ">
    <subfield code="0">0</subfield>
    <subfield code="1">0</subfield>
    <subfield code="2">ddc</subfield>
    <subfield code="4">0</subfield>
    <subfield code="7">0</subfield>
    <subfield code="8"> </subfield>
    <subfield code="a">MAIN</subfield>
    <subfield code="b">MAIN</subfield>
    <subfield code="c">LOW</subfield>
    <subfield code="d">2011-08-10</subfield>
    <subfield code="e">Purchase</subfield>
    <subfield code="o">121 &#x647; &#x649; &#x62F;</subfield>
    <subfield code="p">000024447</subfield>
    <subfield code="r">2025-07-15 00:00:00</subfield>
    <subfield code="y">BB</subfield>
  </datafield>
</record>
